ბათუმის შოთა რუსთაველის სახელმწიფო უნივერსიტეტის ბიბლიოთეკა

მონაცემთა მიღება-გადაცემის მართვისა და დიაგნოსტირების ალგორითმი კომპიუტერულ ქსელებში (ბიბ.ჩანაწერი № 34856)

000 -LEADER
fixed length control field 01083nam a2200229Ia 4500
001 - CONTROL NUMBER
control field 674
003 - CONTROL NUMBER IDENTIFIER
control field GE_BSU
008 - FIXED-LENGTH DATA ELEMENTS--GENERAL INFORMATION
fixed length control field 181216s||||||||xx |||||||||||||| ||und||
020 ## - INTERNATIONAL STANDARD BOOK NUMBER
International Standard Book Number 9789941146015
040 ## - CATALOGING SOURCE
Transcribing agency GE_BSU
080 ## - UNIVERSAL DECIMAL CLASSIFICATION NUMBER
Universal Decimal Classification number 004.724.2+004.7+004.65(075)
100 ## - MAIN ENTRY--PERSONAL NAME
Personal name ნატროშვილი,ო
245 ## - TITLE STATEMENT
Title მონაცემთა მიღება-გადაცემის მართვისა და დიაგნოსტირების ალგორითმი კომპიუტერულ ქსელებში
260 ## - PUBLICATION, DISTRIBUTION, ETC.
Place of publication, distribution, etc. თბილისი
260 ## - PUBLICATION, DISTRIBUTION, ETC.
Name of publisher, distributor, etc. ტექნიკური უნივერსიტეტი
260 ## - PUBLICATION, DISTRIBUTION, ETC.
Date of publication, distribution, etc. 2009
300 ## - PHYSICAL DESCRIPTION
Extent 275 გვ.
653 ## - INDEX TERM--UNCONTROLLED
Uncontrolled term კომპიუტერული ქსელები
653 ## - INDEX TERM--UNCONTROLLED
Uncontrolled term მონაცემთა მიღება-გადაცემის მართვისა და დიაგნოსტირების ალგორითმი კომპიუტერულ ქსელებში
942 ## - ADDED ENTRY ELEMENTS (KOHA)
Koha item type წიგნი
ეგზემპლარები
Withdrawn status Lost status Damaged status Not for loan Date acquired Barcode Date last seen Price effective from Koha item type
        2018-12-17 911 2018-12-17 2018-12-17 წიგნი